Music Quiz

Random Music or Song Quiz

Remade song by both artists Quiz Stats

Quiz not verified by Sporcle

Challenge
Share
Tweet
Embed
Score 0/17 Timer 05:00
0 Plays Today
% Correct
I Will Survive
82.5%
All Along the Watchtower
75%
Proud Mary
75%
Blinded by the Light
70%
Respect
65%
Dancing in the Street
65%
Red Red Wine
60%
Me and Bobby Mcgee
57.5%
Live and Let Die
57.5%
% Correct
99 Red Balloons
50%
You Can't Hurry Love
50%
Lucy in the Sky with Diamonds
47.5%
I Think We're Alone Now
45%
Seasons in the Sun
42.5%
Leaving on a Jet Plane
40%
Hooked on a Feelin'
37.5%
Time after Time
32.5%

You're not logged in!

Compare scores with friends on all Sporcle quizzes.
Sign Up with Email
OR
Log In

You Might Also Like...

Show Comments

Extras

Top Quizzes Today


Score Distribution

Your Account Isn't Verified!

In order to create a playlist on Sporcle, you need to verify the email address you used during registration. Go to your Sporcle Settings to finish the process.

Report this User

Report this user for behavior that violates our Community Guidelines.

Details: